| 000 -LEADER |
| fixed length control field |
00687nam a22001937a 4500 |
| 005 - DATE AND TIME OF LATEST TRANSACTION |
| control field |
20240416122538.0 |
| 008 - FIXED-LENGTH DATA ELEMENTS--GENERAL INFORMATION |
| fixed length control field |
240416s1990 enk||||| |||| 00| 0 eng d |
| 020 ## - INTERNATIONAL STANDARD BOOK NUMBER |
| International Standard Book Number |
9780801605482x |
| 041 ## - LANGUAGE CODE |
| Language code of text/sound track or separate title |
eng |
| 080 ## - UNIVERSAL DECIMAL CLASSIFICATION NUMBER |
| Universal Decimal Classification number |
612 P-92 |
| 245 ## - TITLE STATEMENT |
| Title |
Principles of Physiology / |
| Statement of responsibility, etc. |
Edited Robert M. Berne, Matthew N. Levy. |
| 264 ## - PRODUCTION, PUBLICATION, DISTRIBUTION, MANUFACTURE, AND COPYRIGHT NOTICE |
| Place of production, publication, distribution, manufacture |
St. Loius : |
| Name of producer, publisher, distributor, manufacturer |
Mosby Company, |
| Date of production, publication, distribution, manufacture, or copyright notice |
1990. |
| 300 ## - PHYSICAL DESCRIPTION |
| Extent |
690 p.: |
| Other physical details |
ill.; |
| Dimensions |
26 cm. |
| 653 ## - INDEX TERM--UNCONTROLLED |
| keyword |
ფიზიოლოგიის პრინციპები |
| 653 ## - INDEX TERM--UNCONTROLLED |
| keyword |
მედიცინა |
| 700 ## - ADDED ENTRY--PERSONAL NAME |
| Personal name |
Berne, Robert M. |
| Relator term |
რედაქტორი |
| 9 (RLIN) |
21810 |
| 700 ## - ADDED ENTRY--PERSONAL NAME |
| Personal name |
Levy, Matthew N. |
| Relator term |
რედაქტორი |
| 9 (RLIN) |
21811 |
| 942 ## - ADDED ENTRY ELEMENTS (KOHA) |
| Source of classification or shelving scheme |
|
| Koha item type |
წიგნი |